Statistiques concernant Scientifiques par leurs découvertes n°4

Cliquez ici pour prendre le quiz!

Statistiques générales

  • Ce quiz a été pris 199 fois
  • Le résultat moyen est 4 sur 10

Statistiques - réponses

IndicesNoms des scientifiques% Correct
Ingénieur britannique, il perfectionne la machine à vapeur qui est un des moteurs du développement industriel au XIXème siècle. L'unité de puissance porte son nomJames Watt
88%
Physicien britannique, il est le premier à introduire la théorie de la conservation de l'énergie. L'unité de l'énergie et de la quantité de chaleur porte son nomJames Prescott Joule
81%
Inventeur américain qui a commercialisé l'ampoule électrique incandescente et a participé au développement de l'électricitéThomas Edison
74%
Cet astronome est célèbre pour avoir étudié et confirmé l'hypothèse héliocentrique et le fondateur de l'optique. Les trois lois planétaires portent son nomJohannes Kepler
66%
Ce physicien autrichien a écrit l'équation fondamentale de la mécanique ondulatoire, contribué à la physique statique et a fait une expérience de la mécanique quantique avec un chatErwin Schrödinger
60%
Figure marquante de la physique du XXème siècle, on lui doit les théories des réactions nucléaires, de la théorie quantique avec son modèle atomique...Niels Bohr
46%
Chimiste, biologiste moléculaire et cristallographe, elle a travaillé sur le charbon et les virus mais elle a surtout contribué à la découverte de la stucture de l'ADNRosalind Franklin
16%
Chimiste danois, il est le premier à mettre au point l'échelle de pH pour mesurer l'aciditéSøren Sørensen
8%
Il a reçu le Prix Nobel pour son développement de détecteurs de particules élémentaires, utilisés dans les laboratoires du monde entierGeorges Charpak
2%
Spécialiste de physique nucléaire, elle a travaillé à l'enrichissement de l'uranium et démontré la non-conservation de la parité proposée sur de la théorie mais ne recevra pas de Prix NobelChieng-Shiung Wu
1%

Distribution des résultats

Percentile par nombre de réponses

% des personnes avec chaque résultat

Votre développement - résultats

Vous n’avez pas pris ce quiz